| 000 | 00909nam a22002535a 4500 | ||
|---|---|---|---|
| 005 | 20161102151858.0 | ||
| 008 | 150730t2002 nyua frb 001 0 eng d | ||
| 020 | _a9780805852356 | ||
| 020 | _a0805852352 | ||
| 040 |
_aEG-ScBUE _beng _cEG-ScBUE |
||
| 082 | 0 | 4 |
_222 _a370.15 _bPER |
| 245 | 0 | 0 |
_aPersonal epistemology : _bthe psychology of beliefs about knowledge and knowing / _cedited by Barbara K. Hofer and Paul R. Pintrich. |
| 250 | _31st ed. | ||
| 260 |
_aNew York ; _aOxon : _bRoutledge / Taylor Francis Group, _cc.2002. |
||
| 300 |
_axii, 430 p. : _bill. ; _c24 cm. |
||
| 504 | _aIncludes bibliographical references and indexes. | ||
| 650 | 0 |
_aKnowledge, Theory of. _911059 _2BUEsh |
|
| 651 | _2BUEsh | ||
| 653 |
_bBUSBOL _cJuly2015 _cNovember2015 |
||
| 650 | 0 |
_95967 _aEducational psychology _2BUEsh |
|
| 700 | 1 |
_aHofer, Barbara K., _eeditor. |
|
| 700 | 1 |
_aPintrich, Paul R., _eeditor. |
|
| 942 | _2ddc | ||
| 999 |
_c20390 _d20362 |
||